Paroles 23 - Iliona (part 1) - Statistiques

Statistiques générales
  • Ce quiz a été pris 36 fois
  • Le résultat moyen est 294 sur 445
Statistiques - réponses
Réponse % Correct
à
90%
a
90%
ma
90%
ça
85%
de
85%
j'ai
85%
je
85%
le
85%
me
85%
mère
85%
moi
85%
moins
85%
mon
85%
par
85%
père
85%
un
85%
bien
80%
comme
80%
conv
80%
des
80%
donc
80%
frère
80%
j'avais
80%
j'fais
80%
la
80%
80%
l'école
80%
peu
80%
profs
80%
su
80%
bonne
75%
c'est
75%
choix
75%
d'être
75%
en
75%
est
75%
et
75%
eu
75%
fais
75%
fait
75%
genre
75%
jamais
75%
J'étais
75%
j'étais
75%
mais
75%
mes
75%
pas
75%
peur
75%
pu
75%
rassurant
75%
rien
75%
si
75%
spécial
75%
très
75%
voisins
75%
classe
70%
du
70%
j'me
70%
marrant
70%
moyen
70%
petit
70%
petite
70%
qui
70%
rassurais
70%
super
70%
toujours
70%
tout
70%
toute
70%
ville
70%
beaucoup
65%
films
65%
grande
65%
gris
65%
il
65%
les
65%
même
65%
occupé
65%
parlait
65%
plus
65%
pour
65%
que
65%
se
65%
sûrement
65%
surtout
65%
trop
65%
venu
65%
visé
65%
voir
65%
attendent
60%
au
60%
car
60%
chansons
60%
chez
60%
dans
60%
enfants
60%
gens
60%
hôpitaux
60%
j'suis
60%
l'été
60%
ne
60%
n'est
60%
on
60%
parents
60%
parle
60%
plie
60%
puis
60%
qu'à
60%
quelques
60%
qu'il
60%
soirée
60%
timide
60%
trouve
60%
y
60%
adulte
55%
carreau
55%
carton
55%
contrat
55%
courant
55%
découvre
55%
d'méchants
55%
elle
55%
être
55%
immense
55%
m'acheter
55%
m'envole
55%
merde
55%
nuit
55%
ou
55%
oublier
55%
parfois
55%
pièces
55%
potes
55%
qu'des
55%
repas
55%
retourne
55%
signe
55%
téléphone
55%
tours
55%
une
55%
veut
55%
vu
55%
y'a
55%
comprendre
50%
crie
50%
d'argent
50%
d'famille
50%
d'un
50%
j'écris
50%
j'parle
50%
lourd
50%
maintenant
50%
m'fait
50%
passe
50%
perdre
50%
pire
50%
rêve
50%
s'aime
50%
s'examine
50%
victoire
50%
zappe
50%
ailleurs
45%
aime
45%
appris
45%
avant
45%
bad
45%
chacun
45%
coeur
45%
c'que
45%
cuisine
45%
d'amis
45%
deux
45%
envie
45%
fois
45%
futur
45%
gâché
45%
histoire
45%
ils
45%
j'aime
45%
j'connais
45%
journées
45%
j'regardais
45%
juste
45%
j'veux
45%
leur
45%
loin
45%
l'oubli
45%
m'barrer
45%
meurent
45%
personne
45%
pitié
45%
pose
45%
pourquoi
45%
questions
45%
revenir
45%
rit
45%
sons
45%
adolescentes
40%
amis
40%
amoureuse
40%
autre
40%
brise
40%
bruit
40%
c'était
40%
chose
40%
connue
40%
demain
40%
deuxième
40%
donner
40%
file
40%
filles
40%
garçons
40%
j'aurai
40%
j'capte
40%
j'passe
40%
m'vole
40%
premier
40%
qu'on
40%
redécevoir
40%
seule
40%
tant
40%
thune
40%
tombe
40%
vent
40%
cherche
35%
d'embrasser
35%
gérer
35%
j'crois
35%
j'sais
35%
m'faire
35%
nous
35%
partir
35%
plante
35%
s'ouvrent
35%
coeurs
30%
grandir
25%
c'est loin
15%
fumait
15%
Aucun quiz correspondant
Distribution des résultats
% des personnes avec chaque résultat
Percentile par nombre de réponses
Votre historique - résultats
Vous n’avez pas pris ce quiz